Online
Catalog

El largo día ya seguro : (Record no. 6217)

MARC details
000 -CABECERA
campo de control de longitud fija 00982cam a2200217 a 4500
001 - NÚMERO DE CONTROL
campo de control 000006422
005 - FECHA Y HORA DE LA ÚLTIMA TRANSACCIÓN
campo de control 20200929153929.0
008 - DATOS DE LONGITUD FIJA--INFORMACIÓN GENERAL
campo de control de longitud fija 761013s1975 ve 001 f spa
040 ## - FUENTE DE LA CATALOGACIÓN
Centro catalogador/agencia de origen DO-SdBNP
Centro/agencia transcriptor DLC
Centro/agencia modificador DLC
082 ## - NÚMERO DE LA CLASIFICACIÓN DECIMAL DEWEY
Número de clasificación 863.6
Número de documento/Ítem P153L
100 1# - ENTRADA PRINCIPAL--NOMBRE DE PERSONA
Nombre de persona Palacios, Antonia.
Fechas asociadas al nombre 1915-2001.
9 (RLIN) 17812
245 13 - MENCIÓN DE TÍTULO
Título El largo día ya seguro :
Resto del título relatos /
Mención de responsabilidad, etc. Antonia Palacios.
260 ## - PUBLICACIÓN, DISTRIBUCIÓN, ETC.
Lugar de publicación, distribución, etc. Caracas :
Nombre del editor, distribuidor, etc. Monte Avila,
Fecha de publicación, distribución, etc. 1975.
300 ## - DESCRIPCIÓN FÍSICA
Extensión 128 p. ;
Dimensiones 18 cm.
490 1# - MENCIÓN DE SERIE
Mención de serie Continente
505 0# - NOTA DE CONTENIDO CON FORMATO
Nota de contenido con formato Prefacio -- Una lenta oscilación -- La llegada -- Un reborde de acero color violeta -- El sitio de la espera -- Una bandera ondeando con el viento -- Regiones indeterminadas -- Un caballero en el tren -- Algo había sido movido de su sitio -- Un extraño animal bocabajo -- Nueve minutos veintitrés segundos -- El largo día ya seguro.
650 #4 - PUNTO DE ACCESO ADICIONAL DE MATERIA--TÉRMINO DE MATERIA
Término de materia o nombre geográfico como elemento de entrada Novela venezolana
9 (RLIN) 3962
650 #4 - PUNTO DE ACCESO ADICIONAL DE MATERIA--TÉRMINO DE MATERIA
Término de materia o nombre geográfico como elemento de entrada Literatura venezolana
Subdivisión cronológica SIGLO XXI
9 (RLIN) 17361
830 #0 - PUNTO DE ACCESO ADICIONAL DE SERIE-TÍTULO UNIFORME
Título uniforme Continente
9 (RLIN) 5070
910 ## - DATOS DE OPCIÓN DEL USUARIO (OCLC)
Datos de opción del usuario Catalogación por copia / LC
Holdings
Estado de retiro Estado de pérdida Restricciones de uso No para préstamo Código de colección Localización permanente Ubicación/localización actual Ubicación en estantería Fecha de adquisición Número de inventario Total de préstamos Signatura topográfica completa Código de barras Fecha visto por última vez Precio válido a partir de Tipo de ítem Koha
    Préstamo interno   Monografías: Libros y Folletos General General En catalogación 28.08.2009 LF1   863.6 P153L 6422-10 25.06.2020 25.06.2020 Préstamo interno

Powered by Koha